000 00871cam a2200217 4500
001 ABS65177
008 020307n2001 000 0 eng u
035 _a(Sirsi) u117036
100 _aHughes, S.
245 _aGolf course appraisal
260 _c2001
490 _aCanadian Appraiser
_v45(4) Winter 2001, 35-37(3)
520 _aLooks at appraising the value of golf courses, with regard to real estate, furniture and equipment, and business value. Points out that experienced golf course appraisers consult the superintendent of the course for advice, and think in terms of payback and added value from new equipment or renovation, that can lower water and labour costs.
590 _aABS
650 _aCANADA
650 _aAPPRAISALS
650 _aGOLF COURSES
650 _aRURAL AREAS
690 _aPROPERTY MANAGEMENT-COMMERCIAL PROPERTY
942 _n0
999 _c69725
_d69725